Test de rapidité - Mort subite - Statistiques

Statistiques générales
  • Ce quiz a été pris 17 523 fois
  • Le résultat moyen est 43 sur 72
Answers on the Grid
Answers color-coded by a green-red scale on the quiz's grid according to % correct below.
O
O
O
O
O
O
O
O
O
O
O
O
O
O
O
O
O
O
O
O
O
O
O
O
O
O
O
O
O
O
O
O
O
O
O
O
O
O
O
O
O
O
O
O
O
O
O
O
O
O
O
O
O
O
O
O
O
O
O
O
O
O
O
O
O
O
O
O
O
O
O
O
X
X
X
X
X
X
X
X
X
X
X
X
X
X
X
X
X
X
X
X
X
X
X
X
X
X
X
X
X
X
X
X
X
X
X
X
X
X
X
X
X
X
X
X
X
X
X
X
X
X
X
X
X
X
X
X
X
X
X
X
X
X
X
X
X
X
X
X
X
X
X
X
 
Statistiques - réponses
Réponse % Correct
O
61%
O
60%
O
60%
O
60%
O
60%
O
60%
O
60%
O
60%
O
60%
O
60%
O
60%
O
60%
O
60%
O
60%
O
60%
O
60%
O
60%
O
60%
O
60%
O
59%
O
59%
O
59%
O
59%
O
59%
O
59%
O
59%
O
59%
O
59%
O
59%
O
59%
O
59%
O
59%
O
59%
O
59%
O
59%
O
59%
O
59%
O
59%
O
59%
O
59%
O
59%
O
59%
O
59%
O
59%
O
59%
O
59%
O
59%
O
59%
O
59%
O
59%
O
59%
O
59%
O
59%
O
59%
O
59%
O
59%
O
59%
O
59%
O
59%
O
59%
O
59%
O
59%
O
59%
O
59%
O
59%
O
59%
O
59%
O
58%
O
58%
O
58%
O
58%
O
58%
Aucun quiz correspondant
Distribution des résultats
% des personnes avec chaque résultat
Percentile par nombre de réponses
Votre historique - résultats
Vous n’avez pas pris ce quiz